Szczegóły MARC21

David Hume and eighteenth-century America /

005 -DATA I CZAS OSTATNIEJ MODYFIKACJI [,]
    • @
    • pole kontrolne
    • 20140613120832.0
020 -Międzynarod. znormalizowany nr książki - ISBN [ , ]
    • a
    • Numer ISBN
    • 9781580463447 Find
020 -Międzynarod. znormalizowany nr książki - ISBN [ , ]
    • a
    • Numer ISBN
    • 9781580461184 Find
020 -Międzynarod. znormalizowany nr książki - ISBN [ , ]
    • a
    • Numer ISBN
    • 1580461182 (hardcover) Find
040 -Instytucja sporządzająca opis [ , ]
    • a
    • Instytucja, która sporządziła opis (NP)
    • SZCZ U/JG
    • c
    • Instytucja, która sporządziła rekord (NP)
    • SZCZ U/JG
    • d
    • Instytucja, która zmodyfikowała rekord (P)
    • SZCZ U/ML
041 -Język dokumentu [0, ]
    • a
    • Język tekstu (P)
    • angielski
044 -Kraj miejsca wydania [ , ]
    • a
    • Kraj miejsca wydania
    • USA
942 -Rodzaj dokumentu [ , ]
    • c
    • Rodzaj dokumentu
    • Książka
100 -Hasło główne - nazwa osobowa [1, ]
    • 9
    • KHW
    • 71628
    • a
    • Nazwa osobowa (NP)
    • Spencer, Mark G.
245 -Strefa tytułu i oznaczenia odpowiedzialności [1,0]
    • a
    • Tytuł
    • David Hume and eighteenth-century America / Find
    • c
    • Pozostałe elementy strefy tytułu i oznaczenia odpowiedzialności (NP)
    • Mark G. Spencer.
250 -Strefa wydania [ , ]
    • a
    • Oznaczenie wydania (NP)
    • [1st ed., repr.].
260 -Strefa adresu wydawniczego [ , ]
    • a
    • Miejsce wydania (P)
    • Rochester, NY :
    • b
    • Nazwa wydawcy (P)
    • University of Rochester Press,
    • c
    • Data wydania (P)
    • 2010.
300 -Strefa opisu fizycznego [ , ]
    • a
    • Określenie formy książki i/lub objętość (NP)
    • XII, 534 s. ;
    • c
    • Format (NP)
    • 23 cm.
490 -Strefa serii i książki wielotomowej - forma nie do wyszukiwania [1, ]
    • a
    • Tytuł (P)
    • Rochester studies in philosophy, Find
    • x
    • ISSN (NP)
    • 1529-188X ;
    • v
    • Numeracja (P)
    • 10
830 -Hasło dodatkowe serii i opisu książki wielotomowej - tytuł ujednolicony/tytuł [ ,0]
    • 9
    • KHW
    • 71629
    • a
    • Tytuł ujednolicony/tytuł (NP)
    • Rochester Studies in Philosophy
    • x
    • ISSN
    • 1529-188X
    • v
    • Oznaczenie tomu (NP)
    • 10
504 -Uwaga dot. bibliogr. załącznikowej [ , ]
    • a
    • Uwaga dot. bibliografii załącznikowej
    • Bibliogr. s. 469-504. Indeks.
080 -Uniwersalna Klasyfikacja Dziesiętna [ , ]
    • 2
    • Identyfikator wydania tablic
    • UDC-P058
    • 9
    • UKD
    • 2363
    • a
    • Symbol klasyfikacji
    • 1A/Z
    • b
    • Dopowiedzenie
    • Poszczególni filozofowie.
    • 4
    • UKD2
    • 7644
    • x
    • Poddział wspólny
    • =111
    • c
    • Dopowiedzenie poddz. wspólnego
    • =Język angielski.
    • 4
    • UKD2
    • 8167
    • x
    • Poddział wspólny
    • (410)
    • c
    • Dopowiedzenie poddz. wspólnego
    • (Zjednoczone Królestwo Wielkiej Brytanii i Irlandii Północnej).
    • 4
    • UKD2
    • 8253
    • x
    • Poddział wspólny
    • "17"
    • c
    • Dopowiedzenie poddz. wspólnego
    • Wiek XVIII.
080 -Uniwersalna Klasyfikacja Dziesiętna [ , ]
    • 2
    • Identyfikator wydania tablic
    • UDC-P058
    • 9
    • UKD
    • 2840
    • a
    • Symbol klasyfikacji
    • 32-027.21
    • b
    • Dopowiedzenie
    • Teoria polityki.
    • 4
    • UKD2
    • 7644
    • x
    • Poddział wspólny
    • =111
    • c
    • Dopowiedzenie poddz. wspólnego
    • =Język angielski.
    • 4
    • UKD2
    • 8253
    • x
    • Poddział wspólny
    • "17"
    • c
    • Dopowiedzenie poddz. wspólnego
    • Wiek XVIII.
080 -Uniwersalna Klasyfikacja Dziesiętna [ , ]
    • 2
    • Identyfikator wydania tablic
    • UDC-P058
    • 9
    • UKD
    • 3349
    • a
    • Symbol klasyfikacji
    • 340.12
    • b
    • Dopowiedzenie
    • Kierunki teorii prawa. Filozofia prawa. Teoria państwa i prawa. Doktryny prawne.
    • 4
    • UKD2
    • 7644
    • x
    • Poddział wspólny
    • =111
    • c
    • Dopowiedzenie poddz. wspólnego
    • =Język angielski.
    • 4
    • UKD2
    • 8141
    • x
    • Poddział wspólny
    • (73)
    • c
    • Dopowiedzenie poddz. wspólnego
    • (Stany Zjednoczone Ameryki Północnej. USA).
    • 4
    • UKD2
    • 8253
    • x
    • Poddział wspólny
    • "17"
    • c
    • Dopowiedzenie poddz. wspólnego
    • Wiek XVIII.
980 -Symbol UKD [ , ]
    • a
    • UKD
    • 1 Hume D.(410):32-027.21:340.12(73)]"17"=111
710 -Hasło dodatkowe - nazwa ciała zbiorowego [2, ]
    • 4
    • Kod relacji
    • pbl
    • 9
    • KHW
    • 71621
    • a
    • Nazwa ciała zbiorowego lub nazwa geograficzna jako pierwszy element (NP)
    • University of Rochester Press.
920 -ISBN [ , ]
    • a
    • ISBN
    • 978-1-58046-344-7 Find
920 -ISBN [ , ]
    • a
    • ISBN
    • 978-1-58046-118-4 (cloth) Find
920 -ISBN [ , ]
    • a
    • ISBN
    • 1-58046-118-2 (hardcover) Find
Status udost. Numer inwentarzowy Sygnatura Data inwentaryzacji Lokalizacja
-2T.15687T.156872014-03-27T